Odbytová stratégia OTPK - SK, s. r. o. Bardejov bakalárska práca

Uložené v:
Podrobná bibliografia
Hlavný autor: Kundrátová, Veronika
Korporativný autor: Podnikovohospodárska fakulta EU so sídlom v Košiciach. Katedra obchodného podnikania
Ďalší autori: Mihalčová, Bohuslava, 1963-
Médium: Kniha
Jazyk:Slovak
Vydavateľské údaje: Košice 2016
Tagy: Pridať tag
Žiadne tagy, Buďte prvý, kto otaguje tento záznam!

MARC

LEADER 00000nbm a2200000 4500
001 0217713
005 20161219093428.0
041 0 |a slo 
044 |a SK 
245 1 0 |a Odbytová stratégia OTPK - SK, s. r. o. Bardejov  |b bakalárska práca  |c Veronika Kundrátová ; školiteľ: Bohuslava Mihalčová 
264 1 |a Košice  |c 2016 
300 |a 50 s. 
100 1 |a Kundrátová, Veronika 
700 1 |a Mihalčová, Bohuslava, 1963- 
710 2 |a Podnikovohospodárska fakulta EU so sídlom v Košiciach. Katedra obchodného podnikania